Loading...
| Current Events | 1 | 20.00 | 100% | 100% | 0% |
| Fine Arts - Classical Music | 4 | 10.00 | 50% | 25% | 25% |
| Fine Arts - Other | 2 | 20.00 | 100% | 50% | 50% |
| Fine Arts - Painting and Sculpture | 2 | 0.00 | 0% | 0% | 0% |
| Geography | 2 | 20.00 | 100% | 50% | 50% |
| History - American | 3 | 3.33 | 0% | 33% | 0% |
| History - European | 2 | 10.00 | 100% | 0% | 0% |
| History - Other | 4 | 7.50 | 75% | 0% | 0% |
| History - World | 4 | 5.00 | 50% | 0% | 0% |
| Literature - American | 5 | 4.00 | 20% | 20% | 0% |
| Literature - British | 4 | 0.00 | 0% | 0% | 0% |
| Literature - European | 4 | 10.00 | 75% | 25% | 0% |
| Literature - World | 2 | 5.00 | 50% | 0% | 0% |
| Mythology | 3 | 6.67 | 33% | 0% | 33% |
| Other Academic | 2 | 15.00 | 100% | 50% | 0% |
| Philosophy | 2 | 20.00 | 100% | 100% | 0% |
| Pop Culture | 1 | 20.00 | 100% | 0% | 100% |
| Religion | 4 | 0.00 | 0% | 0% | 0% |
| Science - Biology | 3 | 13.33 | 100% | 33% | 0% |
| Science - Chemistry | 3 | 6.67 | 67% | 0% | 0% |
| Science - Other | 3 | 6.67 | 67% | 0% | 0% |
| Science - Physics | 1 | 20.00 | 100% | 100% | 0% |
| Social Science | 2 | 10.00 | 100% | 0% | 0% |